| 000 | 01289nam a2200229Ia 4500 | ||
|---|---|---|---|
| 001 | 11500 | ||
| 003 | GE_BSU | ||
| 008 | 181216s||||||||xx |||||||||||||| ||und|| | ||
| 040 | _cGE_BSU | ||
| 080 | _a53(076.5)+531/534+539.19 | ||
| 100 | _aბრეგვაძე,გ; კურკუმული,გ; ლეჟავა,ე. და სხვ. | ||
| 245 | _aფიზიკის ლაბორატორიული პრაქტიკუმი. | ||
| 245 | _b(მექანიკა და მოლეკულური ფიზიკა).სახელმძღვ.პოლიტექნიკური ინ-ტის სტუდენტებისათვის. | ||
| 245 | _cრედ:ლ.მამალაძე; ა.ბესელაია. | ||
| 250 | _aგამოც.მე-2. | ||
| 260 | _aთბილისი | ||
| 260 | _bგანათლება | ||
| 260 | _c1983 | ||
| 300 | _a273გვ;22სმ. | ||
| 653 | _aფიზიკის ლაბორატორიული პრაქტიკუმი.(მექანიკა და მოლეკულური ფიზიკა).სახელმძღვ.პოლიტექნიკური ინ-ტის სტუდენტებისათვის. | ||
| 942 | _cBK | ||
| 999 |
_c44696 _d44696 |
||